Missing Word: '90s Sitcoms Quiz Stats

 Plays Quiz Updated Feb 26, 2017

Support Sporcle.
Go Orange.
Score 0/16 Timer 01:00
1 Play Today
1990’s Sitcom Missing Word % Correct
The _______ Prince of Bel-AirFresh
98.8%
That '70s _______Show
97.5%
_______ ImprovementHome
97.1%
_______ Loves RaymondEverybody
97%
Sabrina, the Teenage _______Witch
95.9%
Step _______ Stepby
91.4%
Boy Meets _______World
91%
3rd _______ from the SunRock
88.6%
1990’s Sitcom Missing Word % Correct
Mad About _______You
83.7%
_______, SisterSister
80.8%
_______ Howser, M.D.Doogie
70%
Murphy _______Brown
61.3%
The _______ Sanders ShowLarry
44.1%
_______ Under FireGrace
44.1%
News_______Radio
30.8%
Living _______Single
21.4%

Today's Daily Dose

You're not logged in!

Compare scores with friends on all Sporcle quizzes.
OR
Log In
Forgot?

From the Vault

Where Was I Dictator?

by bhenderson79

Stop Stalin and take this quiz!
Remove Ads.
Support Sporcle.
Get the best of Sporcle when you Go Orange. This ad-free experience offers more features, more stats, and more fun while also helping to support Sporcle. Thank you for becoming a member.

Show Comments

Extras

Top Quizzes Today


Score Distribution

Your Account Isn't Verified!

In order to create a playlist on Sporcle, you need to verify the email address you used during registration. Go to your Sporcle Settings to finish the process.

Report this User

Report this user for behavior that violates our Community Guidelines.

Details: